000 00392nam a2200145Ia 4500
005 20250616021515.0
008 240331s9999 xx 000 0 und d
082 _bPER
_a305
100 _aPerera,K.J
245 0 _aKantha prathirupaya saha samaja muhunuwara
260 _aColombo
_bKusum Janaki Perera
_c1993
300 _a64 p .,
500 _aThe social face of and Women's Inage
942 _cL
999 _c5242
_d5242